| 000 | 00672nam a2200193 i 4500 | ||
|---|---|---|---|
| 001 | 64533 | ||
| 003 | ES-MaACL | ||
| 005 | 20230906165142.0 | ||
| 007 | t| | ||
| 008 | 031229s1953 sp a d 00110 spa d | ||
| 080 | _a58(038) | ||
| 245 | 0 | 0 |
_aDiccionario de botánica / _cbajo la dirección de Pío Font Quer ; con un millar de figuras originales de E. Sierra Ráfols, seguido de vocabulario ideológico. |
| 260 |
_aBarcelona : _bLabor, _c[1953] |
||
| 300 |
_aXXXIX, 1244 p. : _bil. ; _c23 cm. |
||
| 650 | 4 |
_aBotánica- _xDiccionarios. _9150273 |
|
| 700 | 1 |
_aFont Quer, P ( _d1888-1964) _951574 |
|
| 700 | 1 |
_aSierra i Ràfols, Eugeni. _9106275 |
|
| 852 | 4 |
_aES-MaACL _jC-8888 |
|
| 999 |
_c64533 _d64533 |
||